[Event "SRB-chT 1st"]
[Site "Zlatibor"]
[Date "2007.08.28"]
[Round "7"]
[White "Postny, Evgeny"]
[Black "Solodovnichenko, Yuri"]
[Result "1-0"]
[WhiteElo "2598"]
[BlackElo "2582"]
[Annotator "Postny,E"]
[PlyCount "135"]
[EventDate "2007.08.21"]
[EventType "team-tourn"]
[EventRounds "11"]
[EventCountry "YUG"]
[SourceTitle "CBM 120"]
[Source "ChessBase"]
[SourceDate "2007.10.02"]
[SourceVersion "1"]
[SourceVersionDate "2007.10.02"]
[SourceQuality "1"]

1. c4 Nf6 2. Nf3 c6 3. d4 d5 4. Nc3 e6 5. Bg5 dxc4 6. a4 {This time I decided
to avoid the main lines of the Botvinnik variation.} ({The main line is} 6. e4
b5 7. e5 h6 8. Bh4 g5 9. Nxg5 hxg5 10. Bxg5 Nbd7) 6... Bb4 7. e4 c5 $5 {
A rare, but playable move. The position transposes to a Vienna variation (D39)
with an extra move a2-a4 for White. Black is trying to benefit from the
weakness of the b4 square.} ({More popular, but risky line goes with} 7... b5
8. e5 h6 9. exf6 hxg5 10. fxg7 Rg8) 8. Bxc4 cxd4 9. Nxd4 ({A safer line for
White is} 9. Bb5+ Nc6 (9... Bd7 $6 10. Qxd4 $1 {This is the point of 9.Bb5.})
10. Nxd4 {, but the chances to achieve an advantage here are rather low.}) 9...
h6 {This variation appeared for the first time in the Wch match
Bronstein-Botvinnik in 1951!} 10. Be3 {White is practically forced to
sacrifice a pawn for an initiative.} ({After} 10. Bxf6 $6 Qxf6 11. Bb5+ Nd7 12.
O-O O-O {0-1 Hauchard,A (2513)-Lautier,J (2632)/Paris 2000/CBM 077/[Lutz] (33)
Black might be even slightly better.}) 10... Nxe4 11. Ndb5 $5 $146 {A novelty
composed over the board. Objectively, the move in the text is not better than
the previously played 11.0-0, but it poses some concrete tasks for Black.} (11.
O-O Nf6 (11... Nd6 $6 12. Qb3 Bxc3 13. bxc3 a6 14. Rad1 Qe7 15. Nxe6 Bxe6 16.
Bxe6 Qxe6 17. Qxe6+ fxe6 18. Rxd6 $16 {1/2-1/2 Vasiliev,V (2265)-Supatashvili,
K (2440)/Pardubice 1993/TD (35)}) 12. Qf3 O-O 13. Rad1 Qe7 14. Rfe1 Nc6 15. Qg3
Kh8 16. Nxc6 bxc6 17. Bd4 Rd8 18. Rd3 Bb7 19. Ree3 Rxd4 20. Rxd4 Bc5 21. Rd1
Bxe3 22. Qxe3 {1/2-1/2 Bronstein,D-Botvinnik,M/Moscow 1951/MainBase (22)})
11... Nd7 $6 {This move is too passive, the knight belongs on the c6 square.
It was preferable to try to simplify the position as much as possible.} (11...
Qxd1+ 12. Rxd1 Ba5 13. O-O Nxc3 14. Nd6+ Kf8 15. bxc3 Nc6 16. Rb1 Bxc3 17. Rfc1
Be5 18. Nxb7) (11... Nd6 12. Nxd6+ Bxd6 13. Qg4 Be5 14. Rd1 Qa5 15. O-O Nc6 {
Undoubtedly, in both cases White has compensation, but it's probably not
sufficient for more than equality.}) 12. O-O Bxc3 (12... Nxc3 13. bxc3 Be7 14.
Qg4 $36) 13. bxc3 O-O 14. Qd4 Ndf6 $6 {Probably, my opponent was unhappy with
his position, therefore he tried to change the course of the game by
sacrificing an exchange. However, Black's position was not that desperate. I
expected 14...Nec5.} (14... Nec5 15. Bf4 (15. Nd6 $6 b6 $132 {[%cal Gc8a6]}) (
15. a5 $6 b6 16. axb6 Qxb6 17. Rfb1 Ba6 18. Nxa7 Qxa7 19. Bxa6 Qc7 $11 {
[%csl Gc5]}) 15... e5 16. Bxe5 Nxe5 17. Qxe5 Be6 18. Qxc5 Rc8 19. Qxa7 Rxc4 $14
) 15. Qxd8 Rxd8 16. Nc7 (16. f3 $6 {Unfortunately, this tempting move does not
work.} Nd6 (16... a6 $2 17. Nc7 Nd6 18. Ba2 $16 Rb8 $2 19. Rfd1 $18 {[%cal
Gd1d8]}) 17. Rad1 (17. Rfd1 Nd5 18. Bxd5 Nxb5 19. Be4 Nd6 20. Bc5 f5 21. Bxd6
fxe4 22. fxe4 b6 $11) 17... Nd5 $8 18. Bxd5 Nxb5 19. Be4 Nd6 $1 (19... Rxd1 $2
20. Rxd1 f5 21. Rd8+ Kf7 22. Bxb7 Bxb7 23. Rd7+ Ke8 24. Rxb7 Nxc3 25. Rxg7 $16)
20. Bc5 f5 21. Bxd6 fxe4 22. fxe4 b6 $11) 16... Bd7 17. Nxa8 Rxa8 {For the
sacrificed exchange Black has a pawn and chances to make use of white's pawn
weaknesses on the queenside. Still, White is clearly better and playing for a
win without any risk. The pair of strong bishops is an important factor here
as well.} 18. Rfc1 a6 19. Be2 $6 {Inaccuracy.} (19. Bf1 Nd5 20. Bd4 Nd2 21. c4
Nf6 22. Ra3 Nxf1 23. Kxf1 {with good winning chances.}) 19... Nd5 20. Bd4 Rc8
$6 (20... Nd2 $1 21. Rd1 (21. c4 $2 Nf4 {[%csl Re2]} 22. Bd1 Nb3 23. Bxb3 Ne2+
24. Kf1 Nxd4 $14 {The drawback of 19.Be2 can be noticed clearly from this
variation.}) 21... Nb3 22. Ra3 Nxd4 23. Rxd4 Bc6 {Of course, White has winning
chances, but without the dark-squared bishop black's defensive task is
somewhat easier.}) 21. c4 Nf4 22. Bf1 Bc6 23. f3 Ng5 24. h4 {The knights are
kicked away from their active locations. White is objectively winning, but
there is still a lot of work to do.} Nh7 25. Rd1 Nf8 26. a5 Nd7 27. Rd2 {
Doubling the rooks along the open "d" file.} Kf8 28. Rad1 Ng6 (28... Ba4 $2 29.
Be3 $1 Bxd1 30. Rxd1 $18 {[%csl Rd7,Rf4]}) 29. h5 Ne7 30. Bb2 Rc7 31. Bd3 f5
32. Bc2 $6 {Just a waste of tempo.} (32. Re1 Nc5 33. Bc2 $18 {[%cal Gb2a3]})
32... Kf7 33. Re1 Nf6 {[%csl Rh5]} 34. Bxf6 (34. Rd6 Bd7 35. Be5 Rc6 {and
White does not have anything decisive.}) 34... Kxf6 35. Rd8 Kf7 36. Bb3 Rd7 37.
Rxd7 Bxd7 38. c5 Kf6 39. Rd1 Bc6 40. Rd6 Nd5 41. Bc4 {[%cal Gc4a6]} (41. Bxd5
$2 Bxd5 42. f4 Ke7 43. Kf2 Kf6 44. g3 Ke7 45. Ke3 Kf6 46. Kd4 Bc6 47. Rd8 Ke7
48. Rb8 Kf6 49. Rc8 Bf3 50. Rc7 Bc6 {I don't see a win here, since Black is
not in zugzwang.}) 41... Nc7 42. Rd8 Ne8 43. Kf2 Ke7 44. Rd1 Bd7 45. Rb1 Bc6
46. Re1 Nc7 47. Ke3 e5 {This move weakens the 6th rank and makes white's task
easier. However, I believe that the endgame is lost for Black anyway.} 48. Rd1
f4+ 49. Kf2 Ne6 50. Bxe6 Kxe6 51. Rd6+ Ke7 52. g3 {White just needs space for
his king.} fxg3+ 53. Kxg3 Be8 54. Kf2 Bc6 (54... Bxh5 55. Rb6 $18) 55. Ke3 Kf7
56. f4 exf4+ 57. Kxf4 {White's plan is simple: to arrive with the king to c7
and to pick up the Pb7 transforming to a won pawns endgame.} Ke7 58. Rg6 Kf8
59. Ke5 Be8 60. Rg3 ({The following variation was a faster win, but required
precise calculation in time-trouble:} 60. Rb6 Bc6 61. Rxc6 $1 bxc6 62. Kd6 g5
63. hxg6 h5 64. Kxc6 h4 65. Kb6 h3 66. c6 h2 67. c7 h1=Q 68. c8=Q+ Kg7 69. Qb7+
$18) 60... g6 $1 {The last practical chance.} {[%tqu "En","White's position is
winning. What is the most convincing continuation?","","","c5c6","The most
convincing way. Black is now forced to take with the pawn, and White is going
to capture the 'a' pawn.",10,"h5g6","",0]} 61. c6 $1 {The most convincing way.
Black is now forced to take with the pawn, and White is going to capture the
"a" pawn.} (61. hxg6 Kg7 62. Rb3 Bc6 63. Kd6 h5 {still requires some work from
White.}) 61... bxc6 62. Rb3 gxh5 63. Rb6 h4 64. Rxa6 h3 65. Rb6 {The "h" pawn
is easily stopped, while the white pawn queens.} Bh5 66. Rb2 Ke7 67. a6 Bf3 68.
Rb7+ {[%mdl 4096]} 1-0

[Event "Rohde op 08th"]
[Site "Sautron"]
[Date "2008.10.30"]
[Round "7"]
[White "Gagunashvili, Merab"]
[Black "Colin, Vincent"]
[Result "1/2-1/2"]
[WhiteElo "2576"]
[BlackElo "2421"]
[Annotator "Primel,D"]
[PlyCount "105"]
[EventDate "2008.10.25"]
[EventType "swiss"]
[EventRounds "9"]
[EventCountry "FRA"]
[SourceTitle "EXT 2009"]
[Source "ChessBase"]
[SourceDate "2008.11.26"]
[SourceVersion "1"]
[SourceVersionDate "2008.11.26"]
[SourceQuality "1"]

1. d4 d5 {COLIN avait crée la surprise а la ronde précédente en battant le GMI
ABBASOV} 2. c4 e6 3. Nc3 c6 4. Nf3 dxc4 5. g3 {Une variante risquée pour les
blancs car ils ne sont pas certains de récupérer le P sacrifié} (5. a4 $142 {
la grande variante}) 5... b5 (5... Nf6) 6. Bg2 Bb7 (6... Nf6 {retombe sur une
Catalane} 7. Ne5 {Ivanisevic,I (2664)-Kim,A (2460) Biel MTO op 41st 2008 (11)
1-0}) 7. O-O Nd7 8. e4 ({RR} 8. Ng5 Be7 9. h4 h6 10. Nh3 a6 11. e4 e5 12. Be3
Bf6 13. Ne2 c5 14. d5 Ne7 15. a4 Nc8 16. f3 Nd6 17. Nf2 h5 18. Nh3 b4 19. a5
Bc8 20. Ng5 Rb8 21. Qa4 Rb5 22. Rfd1 Nb7 {Del Rio Angelis,S (2509)-Rustemov,A 
(2607)/Dos Hermanas 2002/CBM 087 ext/0-1 (49)}) (8. a4 a6 9. Ne5 Nxe5 10. dxe5
Ne7 11. axb5 axb5 12. Bg5 Rxa1 13. Qxa1 Qc8 14. Qa7 $13) 8... Bb4 ({RR} 8...
Ngf6 9. Re1 (9. e5 Nd5 10. Ng5 $1 {Ivanisevic,I (2664)-Blagojevic,D (2519)
Niksic rap rapid 2008 (1.3) 1-0}) 9... Be7 10. Bf4 O-O 11. Qc2 a6 12. Rad1 Rc8
13. h3 Re8 14. g4 b4 15. Na4 Qa5 16. Nd2 Nb6 17. Nxb6 Qxb6 18. Nxc4 Qa7 19. Nd6
Bxd6 20. Bxd6 a5 21. Bc5 Qb8 22. e5 Nd5 23. Qd2 {Camarena Gimenez,R (2416)
-Tibensky,R (2416)/Stare Mesto 2008/CB35/1-0 (50)}) (8... b4) 9. Bg5 $146 ({RR
} 9. d5 e5 10. a4 a6 11. Bg5 Ngf6 12. dxc6 Bxc6 13. axb5 axb5 14. Rxa8 Qxa8 15.
Bxf6 gxf6 16. Nd5 Bxd5 17. exd5 Bd6 18. Nh4 Nc5 19. Nf5 Kd7 20. Qf3 e4 21. Qc3
Qxd5 22. Qxf6 Be5 23. Qe7+ Kc6 {Gausel,E (2500)-Storland,K (2269)/Gausdal 1999/
CBM 071 ext/1/2-1/2 (45)}) 9... Ngf6 10. e5 h6 11. Bh4 g5 12. Nxg5 hxg5 13.
Bxg5 Qa5 14. exf6 Bxc3 15. bxc3 Qxc3 16. a4 $1 a6 (16... Rg8 17. axb5 $1 Rxg5
18. bxc6) 17. axb5 axb5 18. Rxa8+ Bxa8 19. Qg4 Rg8 20. Qf4 $14 Rxg5 21. Qxg5
Qxd4 22. Qc1 Nxf6 23. Rd1 $1 Qa7 $6 (23... Qe5) 24. Qb2 (24. Qf4 $36 Nd5 25.
Qe5 $16 {[%csl Re8,Gf8][%cal Ge5h8]}) 24... Ke7 25. Ra1 (25. Qe5 {[%csl Rd6]}
Qxf2+ 26. Kxf2 (26. Kh1) 26... Ng4+ 27. Ke2 Nxe5 28. Ra1 Bb7 29. Ra7) 25... Qb8
26. Qb4+ Kd7 27. Qc5 Bb7 28. Ra7 Nd5 29. h4 {[%csl Gh4][%cal Gh4h8]} c3 30. Be4
(30. Bxd5 exd5 (30... cxd5 $4 31. Qxb5+) 31. Kf1 c2) 30... f5 (30... b4 $2 31.
h5) 31. Bxd5 exd5 32. Ra3 (32. Qb6 {[%csl Rb8]} Kc8 33. Qd4 (33. h5 $2 c2 34.
Ra1 Qe5)) 32... Qd6 33. Qa7 Kc8 34. Rxc3 d4 35. Qc5 Kc7 36. Rc1 Qxc5 $6 {
[%csl Rb7]} 37. Rxc5 Kd6 (37... d3) 38. h5 $1 Kxc5 39. h6 b4 $6 (39... d3 $142
40. h7 d2 41. h8=Q d1=Q+ 42. Kg2 Kb6 $19) 40. h7 b3 41. h8=Q b2 42. Qf8+ Kb5
43. Qxf5+ Kb4 44. Qd3 $2 (44. Qc2 Ka3 45. f4 Ba6 46. Kf2 d3 47. Qb1 $18) 44...
Ba6 $1 {Sauve la partie!} 45. Qxd4+ Kb3 46. Qe4 (46. Qb6+ Bb5 47. Qe3+ Kc2 48.
Qe4+ Kc1 $11) 46... Bb5 47. f4 Ka2 48. Qe6+ Ka1 49. Qf6 Ka2 50. Qf7+ Ka3 51.
Qh7 Ka2 52. Qf7+ Ka3 53. Qh7 1/2-1/2

[Event "ESP-chT CECLUB Honor"]
[Site "Melilla"]
[Date "2011.11.25"]
[Round "6"]
[White "Jobava, Baadur"]
[Black "Svetushkin, Dmitry"]
[Result "1/2-1/2"]
[WhiteElo "2678"]
[BlackElo "2621"]
[Annotator "RR"]
[PlyCount "59"]
[EventDate "2011.11.21"]
[EventType "team-tourn"]
[EventRounds "7"]
[EventCountry "ESP"]
[SourceTitle "CBM 146"]
[Source "ChessBase"]
[SourceDate "2012.01.18"]
[SourceVersion "1"]
[SourceVersionDate "2012.01.18"]
[SourceQuality "1"]
[WhiteTeam "Colegio Marcote EIKM"]
[BlackTeam "Linex Magic"]
[WhiteTeamCountry "ESP"]
[BlackTeamCountry "ESP"]

1. d4 d5 2. c4 c6 3. Nc3 Nf6 4. Nf3 dxc4 5. a4 e6 6. Bg5 Bb4 7. e3 b5 8. Nd2
Bb7 9. axb5 Bxc3 10. bxc3 cxb5 11. Be2 Nbd7 12. Rb1 Bxg2 13. Rg1 Bc6 14. Bh4
Qc7 $2 (14... O-O 15. e4 Qc7 $19) 15. Rxg7 $11 Qxh2 16. Bf3 Qxh4 17. Bxc6 Kf8
18. Nf3 Qh6 19. Rg2 Rc8 20. Bxd7 Nxd7 21. Rxb5 Rg8 22. Rxg8+ Kxg8 23. Ke2 Kh8
24. Qa4 Qg6 25. Qd1 h6 26. Rb7 Rd8 27. Rxa7 Rb8 $1 (27... Qe4 $2) 28. Rxd7 Rb2+
29. Nd2 Qg4+ 30. Ke1 1/2-1/2

[Event "EU-chT (Men) 18th"]
[Site "Porto Carras"]
[Date "2011.11.07"]
[Round "5.2"]
[White "Elsness, Frode"]
[Black "Sveshnikov, Evgeny"]
[Result "0-1"]
[WhiteElo "2506"]
[BlackElo "2514"]
[Annotator "RR"]
[PlyCount "126"]
[EventDate "2011.11.03"]
[EventType "team-swiss"]
[EventRounds "9"]
[EventCountry "GRE"]
[SourceTitle "CBM 146"]
[Source "ChessBase"]
[SourceDate "2012.01.18"]
[SourceVersion "1"]
[SourceVersionDate "2012.01.18"]
[SourceQuality "1"]
[WhiteTeam "Norway"]
[BlackTeam "Latvia"]
[WhiteTeamCountry "NOR"]
[BlackTeamCountry "LAT"]

1. d4 d5 2. c4 c6 3. Nf3 Nf6 4. Nc3 e6 5. Bg5 h6 6. Bh4 dxc4 7. e4 b5 8. e5 g5
9. Nxg5 hxg5 10. Bxg5 Nbd7 11. g3 Rg8 12. h4 Rxg5 13. hxg5 Nd5 14. g6 fxg6 15.
Qg4 Qe7 16. Bg2 Bb7 17. Qxg6+ Qf7 18. Qxf7+ Kxf7 19. Ne4 Be7 20. Ke2 Kg7 21.
Rh5 Nf8 22. Nc5 Bxc5 23. dxc5 c3 24. Rg5+ Kf7 25. bxc3 Nxc3+ 26. Kd2 Na4 27.
Rc1 Nh7 28. Rh5 Nf8 29. Rg5 Rd8+ 30. Ke3 Nh7 31. Rh5 Nf8 32. Be4 b4 33. Rc4 a5
34. Bc2 Nc3 35. Rf4+ Ke7 36. Rg4 Nd5+ 37. Kf3 Kd7 38. Rh8 Ne7 $2 (38... Ba6 39.
Rgg8 Bc4) 39. Rg7 $2 (39. Rf4 $18) 39... Ba6 $14 40. Ba4 $6 (40. Kg2 Ke8 41.
Bb3 $11) 40... Bc4 $17 41. Bb3 Bxb3 42. axb3 Ke8 43. Ke4 Rd2 44. f4 Re2+ 45.
Kf3 $1 Rb2 46. g4 Rxb3+ 47. Kf2 Rb2+ 48. Kf3 Rb1 49. f5 exf5 50. gxf5 Rf1+ 51.
Ke4 b3 52. f6 {[%tqu "En","","","","e7g6","",10]} Neg6 $1 53. Rh2 Re1+ 54. Kd3
a4 55. Ra7 $2 (55. Kc3 Nf4 56. Ra7 $17) 55... Nxe5+ $19 56. Kc3 Rc1+ 57. Kb4 b2
58. f7+ $2 (58. Rxb2 Nd3+ 59. Ka3) 58... Kd8 $19 59. Rxb2 Nd3+ 60. Ka3 Nxb2 61.
Kxb2 Rxc5 62. Ka3 Rf5 63. Kxa4 Nd7 0-1